00942nam a2200229 a 450000100100000000500170001000800410002704000250006808200190009310000360011224500390014826000510018730000200023849000300025850000680028865000300035665000320038683000370041895201170045595201230057299900170069500001957420200929170049.0100630s1988 ck r 000 p spa d aDO-SdBNPbspacBNPHU aC861.44bB412c1 aBedoya, Luis Ivand1947-94199310aCanto a pulso /cLuis Ivan Bedoya. aMedellín :bEdiciones Otras Palabras,c1988. a69 p. ;c22 cm.1 aColección poesía ;v9 aIncluye referencia biográfica del autor en la contracubierta. 4aPoesía colombiana93742 4aLiteratura colombiana91244 0aColección poesía ;n9941994 001050718MOaGRbGRcHDd2010-06-30iLF1l0oC861.44 B412cp19574-10r2020-06-25w2020-06-25y1ZNo se presta 001150718MOaGRbGRcMId2017-05-26iLF1l0oC861.44 B412cp19574-20r2020-06-25te. 2w2020-06-25y1ZNo se presta c19090d19090